España y el problema de Europa

Guardat en:
Dades bibliogràfiques
Autor principal: Beneyto, Juan (Autor)
Format: Llibre
Idioma:espanyol
Publicat: Buenos Aires, Argentina Espasa-Calpe 1950
Col·lecció:Colección Austral, 971
Matèries:
Etiquetes: Afegir etiqueta
Sense etiquetes, Sigues el primer a etiquetar aquest registre!

MARC

LEADER 00000nam a2200000 a 4500
001 UCO1297
003 CL-VaPUC
005 20210604001803.0
008 000512e19500000AG |||||||||||||||||spa|d
999 |c 287925  |d 287923 
040 |c Pontificia Universidad Católica de Valparaíso 
082 0 4 |a 327.46 BEN 1950  |2 21 
100 0 |a Beneyto, Juan  |e author  |9 443287 
245 1 0 |a España y el problema de Europa 
260 |a Buenos Aires, Argentina  |b Espasa-Calpe  |c 1950 
300 |a 228 páginas 
490 0 |a Colección Austral,  |v  971 
583 |a last modification  |c 20000512 00:00:00  |k Rodrigo Vera 
650 7 |a DIPLOMACIA ESPAÑOLA  |2 CL-VaPUC  |9 443288  |z EUROPA 
650 0 |a Política exterior   |z ESPAÑA  |9 316628 
650 0 |a Relaciones Internacionales  |z ESPAÑA  |z EUROPA  |9 255740 
650 0 |a Historia de España  |z EUROPA  |9 315435 
852 |a BIBCUR 
942 |c BK  |2 ddc 
945 |d 20000512 00:00:00  |a rherrera 
952 |0 0  |1 0  |2 ddc  |4 0  |6 327_460000000000000_BEN_1950  |7 0  |8 A  |9 335020  |a BIBHIS  |b BIBHIS  |d 2019-11-20  |i 1269216  |o 327.46 BEN 1950  |p 1269216  |r 2025-01-20  |t 1  |w 2019-11-20  |y BK  |k HIS